| 000 | 00755nam a2200193 4500 | ||
|---|---|---|---|
| 001 | 121725 | ||
| 003 | ES-MaACL | ||
| 005 | 20260127062544.0 | ||
| 007 | t| | ||
| 008 | 070214s1959 sp r ||||1| spa d | ||
| 100 | 1 |
_aPlaza, Manuel de la. _992622 |
|
| 245 | 1 | 3 |
_aLa Magistratura en la sociedad española _b: discurso / _cleido en la inauguración del curso 1958-1959... por el Excmo. Sr. D. Manuel de la Plaza Navarro. |
| 260 |
_aMadrid : _b[s. n.], _c1959 ( _fImp. Viuda de Galo Sèz) |
||
| 300 |
_a33 p. ; _c24 cm. |
||
| 500 | _aPrecede al tít.: Real Academia de Jurisprudencia y Legislación. | ||
| 700 |
_aReal Academia de Jurisprudencia y Legislación de España _9217612 |
||
| 852 |
_aES-MaACL _j2012-F-17 _bR.43847 |
||
| 999 |
_c121725 _d121725 |
||